000 00294nam a22001337a 4500
008 170405b xxu||||| |||| 00| 0 eng d
020 _a1560530723
041 _aeng
080 _a616.15
100 _a9
101 _aSHM
245 _aHEMATOLOGY/ ONCOLOGY SECRETS
_cWOOD, M.E
942 _2udc
_cBK
999 _c9901
_d9901